<?xml version="1.0" encoding="UTF-8"?><?xml-stylesheet type="text/xsl" href="static/style.xsl"?><OAI-PMH xmlns="http://www.openarchives.org/OAI/2.0/" xmlns:xsi="http://www.w3.org/2001/XMLSchema-instance" xsi:schemaLocation="http://www.openarchives.org/OAI/2.0/ http://www.openarchives.org/OAI/2.0/OAI-PMH.xsd"><responseDate>2026-06-04T17:02:30Z</responseDate><request verb="GetRecord" identifier="oai:riuma.uma.es:10630/30719" metadataPrefix="marc">https://riuma.uma.es/rest/oai/request</request><GetRecord><record><header><identifier>oai:riuma.uma.es:10630/30719</identifier><datestamp>2026-02-03T10:17:04Z</datestamp><setSpec>com_10630_1685</setSpec><setSpec>col_10630_38084</setSpec></header><metadata><record xmlns="http://www.loc.gov/MARC21/slim" xmlns:dcterms="http://purl.org/dc/terms/" xmlns:doc="http://www.lyncode.com/xoai" xmlns:xsi="http://www.w3.org/2001/XMLSchema-instance" xsi:schemaLocation="http://www.loc.gov/MARC21/slim http://www.loc.gov/standards/marcxml/schema/MARC21slim.xsd">
   <leader>00925njm 22002777a 4500</leader>
   <datafield ind2=" " ind1=" " tag="042">
      <subfield code="a">dc</subfield>
   </datafield>
   <datafield ind2=" " ind1=" " tag="720">
      <subfield code="a">González-Jurado, Deborah</subfield>
      <subfield code="e">author</subfield>
   </datafield>
   <datafield ind2=" " ind1=" " tag="260">
      <subfield code="c">2024</subfield>
   </datafield>
   <datafield ind2=" " ind1=" " tag="520">
      <subfield code="a">Según los datos que nos proporciona el texto, reconocemos un período muy concreto, alrededor de 1824 y 1830. Tras la expulsión de los españoles en 1819, se celebran los congresos de Angostura (1819) y Tucumán (1821), sentándose las bases para la creación de una constitución, la república, y el organigrama de gobierno. Simón Bolívar es nombrado presidente, pero continúa su tarea libertadora, partiendo hacia Ecuador y Perú.&#xd;
&#xd;
Precisamente de la vuelta de este ejército que marchó con Bolívar, al cual no se puede pagar por situación de quiebra de la Hacienda pública, nos habla el segundo texto de este grupo. La única esperanza es la devolución de tres millones de pesos que aportó Colombia para ayudar a la liberación de Perú, pero este país se encuentra en la misma situación deficitaria, por lo que no habrá pago.</subfield>
   </datafield>
   <datafield ind1="8" ind2=" " tag="024">
      <subfield code="a">González-Jurado, Deborah (2024) Comentario de texto. La Gran Colombia de Simón Bolívar</subfield>
   </datafield>
   <datafield ind1="8" ind2=" " tag="024">
      <subfield code="a">https://hdl.handle.net/10630/30719</subfield>
   </datafield>
   <datafield tag="653" ind2=" " ind1=" ">
      <subfield code="a">Bolívar, Simón (1783-1830)</subfield>
   </datafield>
   <datafield tag="653" ind2=" " ind1=" ">
      <subfield code="a">América española - Historia - 1806-1830 (Guerras de la Independencia)</subfield>
   </datafield>
   <datafield ind2="0" ind1="0" tag="245">
      <subfield code="a">Comentario de texto. La Gran Colombia de Simón Bolívar</subfield>
   </datafield>
</record>
</metadata></record></GetRecord></OAI-PMH>